Las tortugas : (Registro nro. 17706)
[ vista simple ]
| 000 -CABECERA | |
|---|---|
| Campo de control | 01336nam a2200265 a 4500 |
| 005 - FECHA Y HORA DE LA ULTIMA TRANSACCION | |
| Campo de control | 20150917105242.0 |
| 008 - ELEMENTOS DE LONGITUD FIJA—INFORMACION GENERAL | |
| Campo de control | 930428r19931991sp a r 00010 spa d |
| 020 ## - ISBN | |
| ISBN | 8425509017 |
| 040 ## - FUENTE DE CATALOGACIÓN | |
| Agencia catalogadora original | la |
| Agencia transcriptora | la |
| Agencia Modificadora | CO-BoIAVH |
| 041 1# - IDIOMA | |
| Código de idioma para texto/pista de sonido o título separado | Español |
| Código de idioma de la versión original y/o traducciones intermedias del texto | Inglés |
| 082 04 - NUMERO DE CLASIFICACION DECIMAL DEWEY | |
| Número de clasificación | 597.92 |
| Número del ítem | C61t |
| 100 1# - ASIENTO PRINCIPAL--NOMBRE PERSONAL | |
| Nombre personal | Cobb, Jo. |
| 9 (RLIN) | 38591 |
| 245 14 - MENCION DE TITULO | |
| Título | Las tortugas : |
| Parte restante del título | especies acuáticas, terrestres y marinas, alojamiento, alimentación, cuidados, higiene, reproducción / |
| Mención de responsabilidad | Jo Cobb ; traducción Enrique Velza Valls. |
| 260 ## - PUBLICACION, DISTRIBUCION, ETC. (PIE DE IMPRENTA) | |
| Lugar de publicación, distribución, etc. | Barcelona : |
| Nombre del editor, distribuidor, etc. | Editorial Hispano Europea, |
| Fecha de publicación, distribución, etc. | 1991. |
| 300 ## - DESCRIPCION FISICA | |
| Extensión | 125 p. : |
| Otros detalles físicos | ilustraciones a color, fotografías |
| Dimensiones | 22 cm. |
| 505 ## - NOTA DE CONTENIDO | |
| Nota de contenido | Evolución, clasificación y anatomía,<br/>Las tortugas acuáticas y el hombre.<br/>Tortugas terrestres tropicales.<br/>Tortugas acuáticas gicoteas.<br/>Tortugas mordedoras, del cieno y de caparazón blando.<br/>Las Sidenecks, pleurodira.<br/>Tortugas marinas.<br/>Alojamiento especializado.<br/>Salud e higiene.<br/>Reproducción en cautividad, |
| 534 ## - NOTA DE VERSION ORIGINAL | |
| Frase introductoria | Título original. |
| Título del original | A complete introduction to turtles. |
| 650 #6 - ASIENTO SECUNDARIO DE MATERIA - TERMINO TEMATICO | |
| Término temático o nombre geográfico como elemento de entrada | Quelonios |
| Subdivisión general | Cría y desarrollo. |
| 9 (RLIN) | 38592 |
| 650 #6 - ASIENTO SECUNDARIO DE MATERIA - TERMINO TEMATICO | |
| Término temático o nombre geográfico como elemento de entrada | Tortugas como mascotas. |
| 9 (RLIN) | 38593 |
| 650 #6 - ASIENTO SECUNDARIO DE MATERIA - TERMINO TEMATICO | |
| Término temático o nombre geográfico como elemento de entrada | Cría de tortugas. |
| 9 (RLIN) | 934 |
| 650 #6 - ASIENTO SECUNDARIO DE MATERIA - TERMINO TEMATICO | |
| Término temático o nombre geográfico como elemento de entrada | Tortugas |
| Subdivisión general | Taxonomías |
| 9 (RLIN) | 38594 |
| 650 #6 - ASIENTO SECUNDARIO DE MATERIA - TERMINO TEMATICO | |
| Término temático o nombre geográfico como elemento de entrada | Tortugas |
| Subdivisión general | Clasificación |
| 9 (RLIN) | 38595 |
| 700 1# - ASIENTO SECUNDARIO - NOMBRE PERSONAL | |
| Nombre personal | Velza Valls, Enrique, |
| Término de relación | traductor |
| 9 (RLIN) | 38596 |
| 942 ## - ELEMENTOS ADICIONALES (KOHA) | |
| Sistema de clasificación | Dewey Decimal Classification |
| Tipo de ítem | Libro |
| Withdrawn status | Lost status | Sistema de Clasificación | Damaged status | No para préstamo | Colección | Inventariado | Ubicación Permanente | Ubicación actual | Fecha de adquisición | Fuente de Valor | Total Checkouts | Número topográfico | Inventario / Código de Barras | Date last seen | Ejemplar | Price effective from | Forma de adquisición | Tipo de material |
|---|---|---|---|---|---|---|---|---|---|---|---|---|---|---|---|---|---|---|
| Dewey Decimal Classification | General | Inventariado 2017 | Bogotá | Bogotá | 25/08/2015 | Iberlibro | LB-597.92 C61t | 035179 | 25/08/2015 | Ej. 1 | 25/08/2015 | Libro |